LEADER 01067nam a2200289 i 4500 001 991001651909707536 005 20020502194227.0 008 931213s1991 it ||| | ita 020 $a8802045380 035 $ab10885511-39ule_inst 035 $aLE02373802$9ExL 040 $aDip.to Studi Storici$bita 082 0 $a330 082 $a338.06 245 10$aInnovazione tecnologica e struttura produttiva /$ca cura di Giovanni Zanetti 260 $aTorino :$bUTET,$c[1991] 300 $a353 p. ;$c25 cm. 490 0 $aBiblioteca dell'economista.$n8. Ser., Sez. 8. ;$v1 650 $aAziende$xInnovazione tecnologica 650 $aSviluppo economico e progresso tecnico 700 $aZanetti, Giovanni$d<1937- > 907 $a.b10885511$b23-02-17$c28-06-02 912 $a991001651909707536 945 $aLE023 330.Coll. I, VIII, 1$g1$i2023000007051$lle023$o-$pE0.00$q-$rn$so $t0$u0$v0$w0$x0$y.i10992492$z28-06-02 996 $aInnovazione tecnologica e struttura produttiva$9196761 997 $aUNISALENTO 998 $ale023$b01-01-93$cm$da $e-$fita$git $h0$i1 LEADER 01738nas 2200493-a 450 001 9910224619303321 005 20241221110110.0 011 $a2581-3412 035 $a(CKB)111053619657004 035 $a(CONSER)--2001358478 035 $a(MiFhGG)2IQP 035 $a(EXLCZ)99111053619657004 100 $a20011003a20019999 --- - 101 0 $aeng 181 $ctxt$2rdacontent 182 $cc$2rdamedia 183 $acr$2rdacarrier 200 00$aJournal of services research 210 $aGurgaon $cInstitute for International Management and Technology$d2001- 215 $a1 online resource 300 $aRefereed/Peer-reviewed 300 $aTitle from cover. 311 08$aPrint version: Journal of services research. (DLC) 2001358478 (OCoLC)48071956 0972-4702 517 1 $aJSR 606 $aService industries$xManagement$vPeriodicals 606 $aTechnological innovations$xManagement$vPeriodicals 606 $aManagement$vPeriodicals 606 $aManagement$2fast$3(OCoLC)fst01007141 606 $aService industries$xManagement$2fast$3(OCoLC)fst01113442 606 $aTechnological innovations$xManagement$2fast$3(OCoLC)fst01145035 608 $aPeriodicals.$2fast 608 $aPeriodicals.$2lcgft 615 0$aService industries$xManagement 615 0$aTechnological innovations$xManagement 615 0$aManagement 615 7$aManagement. 615 7$aService industries$xManagement. 615 7$aTechnological innovations$xManagement. 712 02$aInstitute for International Management and Technology (Gurgaon, India) 906 $aJOURNAL 912 $a9910224619303321 920 $aexl_impl conversion 996 $aJournal of services research$92099632 997 $aUNINA